000 00364 a2200157 4500
001 170140
020 _a
040 _cMagnum
100 _aAlmeida, Napoleao Mendes de
240 1 0 _aGramatica metodica da lingua portuguesa
_lpor
245 1 0 _aGramatica metodica da lingua portuguesa
362 0 _a1899
440 1 _aSaraiva
697 _aGERAL
942 _cBK
999 _c170140
_d170140